000 00646nam a2200241Ia 4500
003 OSt
005 20221007111704.0
006 a|||||r|||| 00| 0
007 ta
008 221006b |||||||| |||| 00| 0 eng d
024 _a24,098
037 _cTextual
040 _aLCO
_cLCO
_beng
041 _2eng
_aeng
082 _aZ2,51, P0
100 _aThomas Terry
_9265007
245 0 _aSex Crime
_b Sex Offending and Society
260 _aNew
_bDelhi Lawman (India) Private Limited India
_c2000
300 _a192
650 _aSEX CRIME
_9580868
942 _hZ2,51, P0
_cTEXL
999 _c1193661
_d1193661